La Comédie de proverbes. Pièce comique, d’après l’édition princeps de 1633, texte établi et annoté, glossaire, répertoire phraséologique et notice biographique, par Michael Kramer, Genève, Droz, 2003. Un vol. 11,5 × 18 cm de 484 p. (notice n° 1599991)

détails MARC
000 -LEADER
fixed length control field 00686cam a2200145 4500500
005 - DATE AND TIME OF LATEST TRANSACTION
control field 20251228082903.0
041 ## - LANGUAGE CODE
Language code of text/sound track or separate title fre
042 ## - AUTHENTICATION CODE
Authentication code dc
100 10 - MAIN ENTRY--PERSONAL NAME
Personal name Sternberg, Véronique
Relator term author
245 00 - TITLE STATEMENT
Title La Comédie de proverbes. Pièce comique, d’après l’édition princeps de 1633, texte établi et annoté, glossaire, répertoire phraséologique et notice biographique, par Michael Kramer, Genève, Droz, 2003. Un vol. 11,5 × 18 cm de 484 p.
260 ## - PUBLICATION, DISTRIBUTION, ETC.
Date of publication, distribution, etc. 2005.<br/>
500 ## - GENERAL NOTE
General note 30
786 0# - DATA SOURCE ENTRY
Note Dix-septième siècle | 227 | 2 | 2005-06-01 | p. 355a-376a | 0012-4273
856 41 - ELECTRONIC LOCATION AND ACCESS
Uniform Resource Identifier <a href="https://shs.cairn.info/revue-dix-septieme-siecle-2005-2-page-355a?lang=fr&redirect-ssocas=7080">https://shs.cairn.info/revue-dix-septieme-siecle-2005-2-page-355a?lang=fr&redirect-ssocas=7080</a>

Pas d'exemplaire disponible.

PLUDOC

PLUDOC est la plateforme unique et centralisée de gestion des bibliothèques physiques et numériques de Guinée administré par le CEDUST. Elle est la plus grande base de données de ressources documentaires pour les Étudiants, Enseignants chercheurs et Chercheurs de Guinée.

Adresse

627 919 101/664 919 101

25 boulevard du commerce
Kaloum, Conakry, Guinée

Réseaux sociaux

Powered by Netsen Group @ 2025